Apprendre les pièces de la maison en Espagnol - Statistiques

Statistiques générales
  • Ce quiz a été pris 39 fois
  • Le résultat moyen est 4 sur 15
Statistiques - réponses
Français Espagnol / Español % Correct
Cuisine Cocina
97%
Porte Puerta
62%
Jardin Jardín
52%
Chambre Dormitorio
48%
Terrasse Terraza
38%
Salle de bain Baño
28%
Toilette Baño
24%
Escaliers Escaleras
24%
Cave Bodega
10%
Grenier Ático
7%
Couloir Corredor
7%
Garage Cochera
3%
Salon Sala de estar
3%
Hall Vestíbulo
3%
Dressing Vestidor
0%
Aucun quiz correspondant
Distribution des résultats
% des personnes avec chaque résultat
Percentile par nombre de réponses
Votre historique - résultats
Vous n’avez pas pris ce quiz